000 00306nam a2200121Ia 4500
008 230907s9999||||xx |||||||||||||| ||und||
082 _a623.8223
_bLAI
100 _aLaing, David,
_9116054
245 0 _aBluewater cruisers :
300 _a441 pages :
650 _aCatalogs. Catalogs.
_9115850
942 _cBK
999 _c600906
_d600906